The potential of Synthetic Aperture Radar for assessing carbon storage in savanna woodlands (Record no. 108142)
[ view plain ]
| 000 -LEADER | |
|---|---|
| fixed length control field | 01310cad a22002415a 4500 |
| 001 - CONTROL NUMBER | |
| control field | L143395 |
| 008 - FIXED-LENGTH DATA ELEMENTS--GENERAL INFORMATION | |
| fixed length control field | 080502e20080312xxk f 000 0 eng d |
| 020 ## - INTERNATIONAL STANDARD BOOK NUMBER | |
| International Standard Book Number | 9781842193747 |
| 035 ## - SYSTEM CONTROL NUMBER | |
| System control number | (Sirsi) u143395 |
| 041 0# - LANGUAGE CODE | |
| Language code of text/sound track or separate title | eng |
| 050 04 - LIBRARY OF CONGRESS CALL NUMBER | |
| Classification number | 526.9 $2 18 |
| 110 2# - MAIN ENTRY--CORPORATE NAME | |
| Corporate name or jurisdiction name as entry element | Royal Institution of Chartered Surveyors |
| 9 (RLIN) | 4900 |
| 245 04 - TITLE STATEMENT | |
| Title | The potential of Synthetic Aperture Radar for assessing carbon storage in savanna woodlands |
| Medium | [electronic resource] |
| 260 ## - PUBLICATION, DISTRIBUTION, ETC. | |
| Place of publication, distribution, etc. | London |
| Name of publisher, distributor, etc. | RICS |
| Date of publication, distribution, etc. | 2008 |
| 490 #0 - SERIES STATEMENT | |
| Series statement | RICS Research Paper Series |
| Volume/sequential designation | 7(18) |
| 520 ## - SUMMARY, ETC. | |
| Summary, etc. | Reports on a project which aims to examine the usefulness of radar remote sensing as a tool to map and quantify the amount of carbon stored in forests. This offers the possibility for a continuous, non-destructive and relatively inexpensive method for measuring and monitoring vegetation over wide areas. Identifies specific technical issues with the technique and attempts to draw conclusions so that the body of research in the area can be taken forward. |
| 521 2# - TARGET AUDIENCE NOTE | |
| Target audience note | Advanced |
| 590 ## - LOCAL NOTE (RLIN) | |
| Local note | KA |
| 651 #4 - SUBJECT ADDED ENTRY--GEOGRAPHIC NAME | |
| Geographic name | International |
| 690 ## - LOCAL SUBJECT ADDED ENTRY--TOPICAL TERM (OCLC, RLIN) | |
| Topical term or geographic name as entry element | ENVIRONMENTAL AND LAND CONSULTANCY-GEOMATICS-GEOGRAPHIC INFORMATION SCIENCE |
| 856 40 - ELECTRONIC LOCATION AND ACCESS | |
| Uniform Resource Identifier | <a href="https://www.rics.org/site/scripts/download_info.aspx?downloadID=3143">https://www.rics.org/site/scripts/download_info.aspx?downloadID=3143</a> |
| Public note | View the item free of charge at www.rics.org... |
| 942 ## - ADDED ENTRY ELEMENTS (KOHA) | |
| Suppress in OPAC | 0 |
| Withdrawn status | Lost status | Source of classification or shelving scheme | Damaged status | Not for loan | Home library | Current library | Shelving location | Date acquired | Total Checkouts | Full call number | Barcode | Date last seen | Copy number | Price effective from | Koha item type |
|---|---|---|---|---|---|---|---|---|---|---|---|---|---|---|---|
| Dewey Decimal Classification | Virtual | Virtual | Online | 02/05/2008 | ONLINE PUBLICATION | 143395-1001 | 06/08/2019 | 1 | 06/08/2019 | Book |